| 000 | 00395nam a2200157Ia 4500 | ||
|---|---|---|---|
| 008 | 170203s9999 xx 000 0 und d | ||
| 050 | _aFic | ||
| 050 | _b.A162d 2007 | ||
| 100 | _aAbrera, Manix. | ||
| 245 | _aDie! die, evil! die! ahrrrgh! / | ||
| 245 | _cManix Abrera. | ||
| 260 | _aPasay City : | ||
| 260 | _bVisual Prin Enterprises. | ||
| 260 | _c2007 | ||
| 440 | _aKiko machine komix. | ||
| 999 |
_c306106 _d306106 |
||